000 00593nam a22001937a 4500
003 BD-DhJNU
005 20250130060052.0
008 250130b |||||||| |||| 00| 0 eng d
020 _a9788124120071
040 _aBD-DhJNU
_bENG
_cBD-DhJNU
_dBD-DhJNU
082 _223
_a320.0820954 MOW
100 _aMoudud, Hasna Jasimuddin.
245 _aWhere women rule :
_bSouth Asia /
_cHasna Jasimuddin Moudud
260 _aNew Delhi :
_bHar-Anand Publications,
_c2017.
300 _a240p. :
_bill. ;
_c23 cm.
504 _aIncludes index
650 _aWomen Political Activity
942 _2ddc
_cBK
_n0
999 _c1208
_d1208